| 000 | 00321nam a2200109Ia 4500 | ||
|---|---|---|---|
| 008 | 231129s9999||||xx |||||||||||||| ||spa|| | ||
| 082 | _a617.6 D632f | ||
| 100 | _aDobbs Edward C. | ||
| 245 | 0 | _aFarmacología y terapeutica dental | |
| 264 | _aMéxico : Unión Tipográfica Editorial Hispano Americana | ||
| 942 |
_2ddc _cBKS |
||
| 999 |
_c13891 _d13891 |
||